2026 World Cup - South Korea Squad - Statistics

General Stats
  • This quiz has been taken 9 times
  • The average score is 11 of 26
Answer Stats
Hint Club Pos Answer % Correct
Bayern Munich FC_Bayern_M%C3%BCnchen_logo_%282024%29.svg DF Kim Min-jae
100%
Los Angeles FC Los_Angeles_Football_Club.svg FW Son Heung-min
89%
Wolves Wolverhampton_Wanderers_FC_crest.svg FW Hwang Hee-chan
67%
Daejeon Daejeon_Hana_Citizen.svg DF Kim Moon-hwan
67%
PSG Paris_Saint-Germain_F.C..svg MF Lee Kang-in
67%
1. FSV Mainz 05 1._FSV_Mainz_05_logo.svg MF Lee Jae-sung
56%
Sharjah FC Sharjah_FC_New_Logo.svg DF Cho Yu-min
44%
Swansea City Swansea_City_AFC_logo.svg MF Eom Ji-sung
44%
Feyenoord Feyenoord_logo_since_2024.svg MF Hwang In-beom
44%
Ulsan HD Ulsan_Hyundai_FC.svg GK Jo Hyeon-woo
44%
Red Star Belgrade Red_Star_Belgrade_crest.svg DF Seol Young-woo
44%
Stoke City Stoke_City_FC_crest_2001.svg MF Bae Jun-ho
33%
Midtjylland FC_Midtjylland_logo.svg FW Cho Gue-sung
33%
Borussia Monchengladbach Borussia_M%C3%B6nchengladbach_logo.svg DF Jens Castrop
33%
Jeonbuk Jeonbuk_Hyundai_Motors.svg MF Kim Jin-gyu
33%
FC Tokyo FC_Tokyo_Logo.svg GK Kim Seung-gyu
33%
Midtjylland FC_Midtjylland_logo.svg DF Lee Han-beom
33%
Birmingham City Birmingham_City_FC_logo.svg MF Paik Seung-ho
33%
Ulsan HD Ulsan_Hyundai_FC.svg MF Lee Dong-gyeong
22%
Gangwon Gangwon_FC.svg DF Lee Ki-hyuk
22%
FK Austria Wien FK_Austria_Wien_Logo.png DF Lee Tae-seok
22%
Besiktas JK BesiktasJK-Logo.svg FW Oh Hyeon-gyu
22%
Zheijang Zhejiang_Professional_F.C.svg DF Park Jin-seob
22%
Jeonbuk Jeonbuk_Hyundai_Motors.svg GK Song Bum-keun
22%
Celtic Celtic_FC_crest.svg MF Yang Hyun-jun
22%
Kashima Antlers Kashima_Antlers.svg DF Kim Tae-hyon
0%
No matching quizzes found
Score Distribution
Percent of People with Each Score
Percentile by Number Answered
Your Score History
You have not taken this quiz